000 00804nam a22002772 4500
999 _c5017
_d5017
001 5017
003 UkOxU
005 20171207090550.0
008 740605s1967 nyua b 001 0 eng
035 _a(BD-JhCC) 5017
040 _aDLC
_cDLC
_dEQO
041 _aeng
050 0 _aQA372
_b.B8
082 _a517/.382
_2517.382
_bBRA 1967
100 1 _aBrauer, Fred.
245 1 0 _aOrdinary differential equations :
_ba first course /
_c[by] Fred Brauer and John A. Nohel.
260 _aNew York :
_bW. A. Benjamin,
_c1967.
300 _axvi, 457 p.
_billus.
_c24 cm.
490 1 _aUniversity mathematics series
504 _aBibliography: p. 429-430.
650 0 _aDifferential equations.
700 1 _aNohel, John A.
830 0 _aUniversity mathematics series
942 _2ddc
_cBK